000 01110cam a2200265 4500
001 ##L132884
002 ##9433
008 060317n2006 000 0 eng u
020 _a0728204924
035 _a(Sirsi) u132884
041 0 _aeng
050 0 4 _a336.2 $2 18
100 1 _aBond, Patrick
245 0 0 _aRating valuation principles and practice
250 _a2nd.ed.
260 _aLondon
_bEG Books
_c2006
300 _axxvi, 414p.
_c22cm.
350 _a32.00
520 _aThis standard textbook provides both students and practitioners with comprehensive coverage of rating law, valuation and practice. The second edition is updated to include the new 2005 appeals regulations and the requirements for valid proposals, the changes to the material day rules, new valuation dates, transitional relief changes and small business relief. Many new cases have been added and new topics such as temporary disabilities are dealt with.
520 _aSupersedes 1st edition (ISBN 0728203952).
590 _aIKA250406
690 _aPROPERTY-PROPERTY TAXATION
700 1 _aBrown, Peter
942 _n0
999 _c105272
_d105272